000 01029cab a2200229 4500
001 ABS44553
008 090401t1991 xxu||||| |||| 00| 0 eng d
035 _a(Sirsi) u47770
041 _aeng
245 _aWilliam Hill (Southern) Ltd v Waller and others
260 _c1991
350 _a0
490 _aRent Review & Lease Renewal
_v11(3) Spring 1991, 286-294(9)
520 _aCA 25 October 1990. A dispute over recovery of rent by guarantors once the tenant had ceased trading. The first and second defendants appealed, claiming they had been asked for rent by the third defendant after been led to believe their liability was limited to two years, following the issue of a break notice . The judge, in upholding the appeal, said there was an arguable defence that an estoppel by convention had arisen.
650 _aBREAK CLAUSES
650 _aCOVENANTS
650 _aCOMMERCIAL LEASES
650 _aRENT ARREARS
690 _aLANDLORD AND TENANT-CASE LAW-BUSINESS TENANCIES
942 _n0
948 _c04/03/1997
999 _c30090
_d30090